Statystyki dla Największe państwa bez granic

Kliknij tutaj aby rozwiązać quiz!

Ogólne statystyki

  • Ten quiz został rozwiązany 302 razy
  • Średni wynik to 7 z 10

Statystyki odpowiedzi

km2Państwo% Poprawnych
7,692,024Australia
96%
270,467Nowa Zelandia
92%
587,041Madagaskar
89%
377,930Japonia
88%
103,000Islandia
85%
109,884Kuba
79%
300,000Filipiny
70%
65,610Sri Lanka
67%
36,193Tajwan
51%
28,896Wyspy Salomona
22%

Rozkład punktacji

Percentyl według liczby udzielonych odpowiedzi

Procent ludzi z każdym wynikiem

Twoja historia wyników

Nie rozwiązałeś tego quizu